Le Droit des gens (Registro nro. 78416)

Detalles MARC
000 -ENCABEZADO
Número de control [NR] 02340nam a2200349Ia 4500
008 - DE LONGITUD FIJA DE DATOS DE ELEMENTOS - INFORMACIÓN GENERAL
Elementos de longitud fija [NR] 130821s1863 fr gr spa
040 ## - FUENTE DE CATALOGACION [NR]
Agencia de catalogación original [NR] Co-BoUCM
Idioma de catalogación [NR] spa
041 0# - CODIGO DE IDIOMA [R]
Código de idioma para texto/pista de sonido o título separado [R] Francés
092 ## - SIGNATURA TOPOGRAFICA LOCAL
Número de clasificación local E16N015
100 1# - ASIENTO PRINCIPAL--NOMBRE PERSONAL [NR]
Nombre personal [NR] Vattel, Emer de
Fechas asociadas con el nombre [NR] 1714-1767
245 0# - MENCION DE TITULO [NR]
Título [NR] Le Droit des gens
Parte restante del título [NR] ou principes de la loi naturelle apliqués à la conduite et aux affaires des nations et des souverains
Mención de responsabilidad, etc. [NR] par Vattel
246 13 - FORMA VARIANTE DEL TITULO [R]
Título propiamente dicho/forma breve del título [NR] [Derecho de Gentes
Parte restante del título [NR] Los principios de la Ley Natural aplicados a los comportamientos y a los negocios entre las naciones y entre sus gobernantes]
250 ## - MENCION DE EDICION [NR]
Mención de edición [NR] Nouvelle édition [Nueva edición]
260 ## - PUBLICACION, DISTRIBUCION, ETC. (PIE DE IMPRENTA) [R]
Lugar de publicación, distribución, etc. [R] París (Francia)
Nombre del editor, distribuidor, etc. [R] Guillaumin et Cie [Guillaumin y Compañía]
Fecha de publicación, distribución, etc. [R] 1863
300 ## - DESCRIPCION FISICA [R]
Extensión [R] xxxv, 644 ; 501, 463 páginas
500 ## - NOTA GENERAL [R]
Nota general [NR] Detalles físicos: (Colección): Encuadernación rígida de primera calidad en cartón duro forrado en piel. Lomo con adornos y letras en dorado; nervaduras sobre costuras. Tapas con recuadros repujados. Conserva guarda delantera, anteportada y porta
504 ## - NOTA DE BIBLIOGRAFIA, ETC. [R]
Nota de bibliografía, etc. [NR]
505 0# - NOTA DE CONTENIDO CON FORMATO PREESTABLECIDO [R]
Nota de contenido con formato preestablecido [NR] V.1: Preliminares: Ideas y principios generales del Derecho de Gentes. ; Libro Primero: la nación, considerada en sí misma. ; Las naciones como Estados soberanos. ; La Constitución del Estado: deberes y derechos de la nación en este aspecto. ; L
505 0# - NOTA DE CONTENIDO CON FORMATO PREESTABLECIDO [R]
Nota de contenido con formato preestablecido [NR] V.2: Libro Segundo: la nación considerada en sus relaciones con las demás naciones (continuación). ; Dignidad e igualdad entre las naciones. ; Derecho a la seguridad y efectos de la soberanía e independencia de las naciones. ; Anotaciones sobre
505 0# - NOTA DE CONTENIDO CON FORMATO PREESTABLECIDO [R]
Nota de contenido con formato preestablecido [NR] V.3: Derecho De las naciones en la guerra. ; Qué está permitido, en la guerra justa, contra el enemigo. ; El derecho de guerra en relación con las cosas que pertenecen al enemigo. ; La "fe mutua" entre enemigos y algunas prácticas (espionaje, es
506 ## - NOTA DE RESTRICCIONES DE ACCESO [R]
Condiciones de acceso [NR] Consulta en sala.
546 ## - NOTA DE IDIOMA [R]
Nota de idioma [NR] Texto en francés.
650 ## - ASIENTO SECUNDARIO DE MATERIA - TERMINO TEMATICO [R]
Término temático o nombre geográfico como elemento de entrada [NR] Derecho internacional
Subdivisión general [R] Obras anteriores a 1900
9 (RLIN) 12776
650 ## - ASIENTO SECUNDARIO DE MATERIA - TERMINO TEMATICO [R]
Término temático o nombre geográfico como elemento de entrada [NR] Derecho natural
Subdivisión general [R] Obras anteriores a 1900
9 (RLIN) 12800
650 ## - ASIENTO SECUNDARIO DE MATERIA - TERMINO TEMATICO [R]
Término temático o nombre geográfico como elemento de entrada [NR] Derecho
9 (RLIN) 7494
650 ## - ASIENTO SECUNDARIO DE MATERIA - TERMINO TEMATICO [R]
Término temático o nombre geográfico como elemento de entrada [NR] Filosofía del derecho
Subdivisión general [R] Obras anteriores a 1900
9 (RLIN) 15792
650 ## - ASIENTO SECUNDARIO DE MATERIA - TERMINO TEMATICO [R]
Término temático o nombre geográfico como elemento de entrada [NR] Jurisprudencia
Subdivisión general [R] Obras anteriores a 1900
9 (RLIN) 18175
700 1# - ASIENTO SECUNDARIO - NOMBRE PERSONAL [R]
Nombre personal [NR] Guillaumin
Término de relación [R]
700 1# - ASIENTO SECUNDARIO - NOMBRE PERSONAL [R]
Nombre personal [NR] Moulin, A.
Término de relación [R]
942 ## - ELEMENTOS DE ENTRADA AGREGADOS (KOHA)
Tipo de ítem principal el descrito en 300a Libro
Tema principal Derecho
Edición 1
Sistema de clasificación DEWEY
Clasificación 323.01
Existencias
Total préstamos Código de barras Última vez visto Volúmen / Fascículo Ejemplar Price effective from Tipo de ítem Perdido Sistema de clasificación Dañado No prestable Tipo de ítem específico Suprimido Ubicación habitual Ubicación actual Localización Fecha de creación Forma de adquisición Costo
  L002431 15/12/2012 E16N015 V.1 Ej.1 03/02/2013 Libro   DEWEY     Libro archivo     Archivo Histórico Archivo histórico 28/02/2014 Donación 0.00
  L002432 15/12/2012 E16N015 V.2 Ej.1 03/02/2013 Libro   DEWEY     Libro archivo     Archivo Histórico Archivo histórico 28/02/2014 Donación 0.00
  L002433 15/12/2012 E16N015 V.3 Ej.1 03/02/2013 Libro   DEWEY     Libro archivo     Archivo Histórico Archivo histórico 28/02/2014 Donación 0.00